Due estati a Siena : Livello 3/4
Guardat en:
| Autor principal: | |
|---|---|
| Format: | Llibre |
| Idioma: | Undetermined |
| Publicat: |
Roma, Italia
Bonacci editore
1998
|
| Matèries: | |
| Etiquetes: |
Afegir etiqueta
Sense etiquetes, Sigues el primer a etiquetar aquest registre!
|
MARC
| LEADER | 00000nam a2200000Ia 4500 | ||
|---|---|---|---|
| 008 | 170316s9999 xx 000 0 und d | ||
| 999 | |c 8093 |d 8093 | ||
| 040 | |a cru BVZT | ||
| 090 | |a 850 A-3.1d | ||
| 100 | |a Andres, Roberta | ||
| 245 | |a Due estati a Siena : Livello 3/4 |c / Roberta Andres | ||
| 260 | |a Roma, Italia |b Bonacci editore |c 1998 | ||
| 300 | |a 36 páginas | ||
| 650 | |a LITERATURA ITALIANA |9 212 | ||
| 650 | |a EN IDIOMA ITALIANO | ||
| 650 | |a HISTORIA - MARGHERITA | ||
| 650 | |a NIVEL 3 | ||
| 942 | |c 4 D |h 850 A-3.1d |2 z | ||
